000 00551nam a2200205Ia 4500
005 20250508165449.0
008 008 250505s9999 xx 000 0 hin d
020 _a978-81-8143-619-1
037 _aTextual
040 _aFEDL
_beng
_cFEDL
041 _ahin
_2eng
084 _a891.431, MAL
_qFEDL
100 _aMalviya Yash
_9778127
245 0 _aBuddha muskuraye
260 _aNew Delhi, India
_bBhartiya Gyanpeeth
_c2011
300 _a159p.
365 _aINR
_b160
942 _cTEXL
_h891.431, MAL
999 _c1395248
_d1395248